00358nam a2200145Ia 4500003000400000005001700004008004100021040000900062082001500071100002300086245003800109260004400147300000900191650001200200OSt20200701101426.0190216s9999||||xx |||||||||||||| ||und|| coclc a909bSHA/W aSharma, Jagdish P  0aWorld History /cJagdish P Sharma bLow Price Publications, aDelhi:c1993. a455p aHistory